000 00871nam a22001935i 4500
001 184738
003 ES-MaACL
005 20241129174727.0
008 151123q1910 sp |||| | spa d
100 1 _aMartí Orberá, Rafael.
_977229
245 1 0 _aVida :
_bversos /
_cR[afael] Martí Orberá.
260 _aToledo : [s.n.,
_cca. 1910] (
_fF. Serrano)
300 _a[132 p. ;
_c17 cm]
500 _aSólo se conservan las cubiertas, por expreso deseo del autor, según consta en una carta conservada en el Archivo de 15 de septiembre de 1942, solicitó que fuera expurgada siendo arrancadas todas las hojas.
597 _aNúmero de páginas tomado del ejemplar de la Biblioteca Nacional.
852 4 _aES-MaACL
_jT-1058-F (mutilado)
_z- Enc. en un vol. facticio conservando las cub.
_z- Dedicatoria autógrafa del autor
942 _2udc
999 _c184738
_d184738